000 00548nam a2200157Ia 4500
008 151213s9999 xx 000 0 und d
100 _aআবু তাহের মজুমদার।
245 _aবৈধ বিলাস।
_cআবু তাহের মজুমদার।
250 _a১ম সং
260 _aঢাকা
_bঅঙ্কুর প্রকাশনী
_c2009
300 _a4291 p.
650 _aBangla
650 _aকবিতা
700 _aআবু তাহের মজুমদার।
999 _c2707
_d2707